000 00805nam a22002297a 4500
001 76443
003 BD-RjUL
005 20211209082838.0
008 191205s2013 bg ||||| |||| 00| 0 ben d
020 _a9789848892473
035 _a(BD-RjUL)76664
040 _aBD-RjUL
_beng
_cBD-RjUL
041 _aeng
082 _223
_a302.23
_bMED 2008
245 _aমিডিয়া ও ডিসকোর্স /
_cসম্পাদনা মুসতাক আহমেদ
260 _aঢাকা :
_bসংবেদ,
_c২০১৩
300 _a১৩৯ পৃ. ;
_c২২ সেমি.
504 _aবিবলিওগ্রাফি অন্তর্ভূক্ত।
650 _aMass media and language
_9236046
700 _aআহমেদ, মুসতাক
_9236048
942 _2ddc
_cBK
999 _c76443
_d76443